Education in the Emerging Indian Society/ (Record no. 212236)

MARC details
000 -LEADER
fixed length control field 00724nam a2200229 4500
005 - DATE AND TIME OF LATEST TRANSACTION
control field 20250708142509.0
010 ## - LCCN (DPL NO)
LC control number ENG-145845-8466
020 ## - INTERNATIONAL STANDARD BOOK NUMBER
Terms of availability 1595.00
International Standard Book Number 9789395368230
020 ## - INTERNATIONAL STANDARD BOOK NUMBER
Terms of availability 595.00
International Standard Book Number 9789395368223
035 ## - SYSTEM CONTROL NUMBER
System control number EN-129377
035 ## - SYSTEM CONTROL NUMBER
System control number EN-129378
037 ## - SOURCE OF ACQUISITION
Source of stock number/acquisition DBAD
082 ## - DEWEY DECIMAL CLASSIFICATION NUMBER
Classification number 370.954
100 ## - MAIN ENTRY--PERSONAL NAME
Personal name Reddy G.Lokanadha
245 ## - TITLE STATEMENT
Title Education in the Emerging Indian Society/
Statement of responsibility, etc G.Lokanadha Reddy [et.al]
260 ## - PUBLICATION, DISTRIBUTION, ETC. (IMPRINT)
Place of publication, distribution, etc Hyderabad
Name of publisher, distributor, etc Neelkamal Publications Pvt. Ltd.
270 ## - ADDRESS
Address Sultan Bazar, Koti, Hyderabad
City Hyderabad
Postal code 500001
300 ## - PHYSICAL DESCRIPTION
Extent 445p.
Dimensions 24.5cm(hb)
300 ## - PHYSICAL DESCRIPTION
Extent 445p.
Dimensions 23.9cm (pb)
700 ## - ADDED ENTRY--PERSONAL NAME
9 (RLIN) 82746
Personal name T.C.Thankachan , M. Shailaja
942 ## - ADDED ENTRY ELEMENTS (KOHA)
Source of classification or shelving scheme Dewey Decimal Classification
Item type English Books
Classification part 370.954
Call number suffix Red

No items available.


© Delhi Public Library
Hit Counter
free hit counter